Goodman & Gilman's the pharmacological basis of therapeutics / editor-in-chief, Laurence L. Brunton, PhD ; editor, Björn C. Knollmann, MD, PhD. (Record no. 21504)

000 -LEADER
fixed length control field 00948nam a22002537a 4500
020 ## - INTERNATIONAL STANDARD BOOK NUMBER
ISBN 9781265016982 (hardcover)
020 ## - INTERNATIONAL STANDARD BOOK NUMBER
ISBN 1265016984 (hardcover)
082 ## - DEWEY DECIMAL CLASSIFICATION NUMBER
Classification number 615.7
Item number G6533 20123
245 ## - TITLE STATEMENT
Title Goodman & Gilman's the pharmacological basis of therapeutics / editor-in-chief, Laurence L. Brunton, PhD ; editor, Björn C. Knollmann, MD, PhD.
250 ## - EDITION STATEMENT
Edition statement Fourteenth edition.
260 ## - PUBLICATION, DISTRIBUTION, ETC. (IMPRINT)
Place of publication New York :
Name of publisher McGraw Hill LLC,
Year of publication ©2023.
300 ## - PHYSICAL DESCRIPTION
Number of Pages xix, 1645 pages :
Other physical details illustrations (chiefly color) ; 28 cm
500 ## - GENERAL NOTE
General note Includes bibliographical references and index
650 ## - SUBJECT ADDED ENTRY--TOPICAL TERM
Topical Term Pharmacology.
650 ## - SUBJECT ADDED ENTRY--TOPICAL TERM
Topical Term Therapeutics.
650 ## - SUBJECT ADDED ENTRY--TOPICAL TERM
Topical Term Pharmacological phenomena.
650 ## - SUBJECT ADDED ENTRY--TOPICAL TERM
Topical Term Drug therapy.
650 ## - SUBJECT ADDED ENTRY--TOPICAL TERM
Topical Term Pharmaceutical preparations.
650 ## - SUBJECT ADDED ENTRY--TOPICAL TERM
Topical Term Pharmacokinetics.
700 ## - ADDED ENTRY--PERSONAL NAME
Personal name Brunton, Laurence L., editor-in-chief
700 ## - ADDED ENTRY--PERSONAL NAME
Personal name Knollmann, Björn C., editor
700 ## - ADDED ENTRY--PERSONAL NAME
Personal name Goodman, Louis S. (Louis Sanford), 1906-2000
942 ## - ADDED ENTRY ELEMENTS (KOHA)
Koha item type Books
Holdings
Source of acquisition Permanent Location Date acquired Koha item type Collection code Accession Number Lost status Shelving location Withdrawn status Current Location Full call number
SchoolCagayan State University - Carig Library2025-10-28BooksMedicineM002760 Medical Library Cagayan State University - Carig Library615.7 G6533 2023
SchoolCagayan State University - Carig Library2025-10-28BooksMedicineM002761 Medical Library Cagayan State University - Carig Library615.7 G6533 2023

Cagayan State University University Library, Carig Campus
Tuguegarao City, Cagayan 3500 | www.csucarig.edu.ph

Powered by Koha